000 00818nam a22002297a 4500
999 _c15971
_d15971
003 AR-CdUCM
008 190430b ||||| |||| 00| 0 spa d
040 _aMUNICIPALIDAD PROVINCIAL DEL CUSCO
_cBIBLIOTECA MUNICIPAL DEL CUSCO
082 _a323.4 /
_bR25
100 _aRatto Ciarlo, J.
_935230
245 _aLibertad de prensa en Venezuela :
_bdurante la guerra de emancipación hasta la batalla de Carabobo /
260 _aCaracas :
_c1971.
300 _a280 páginas ;
_bIlustraciones,
_c23 cm.
440 _aColección Carabobo
_935231
500 _aBiblioteca de historia del ejercito
505 _aContenido: A modo de prologo -- Capitulo primero...
650 _aVenezuela
_92312
650 _aLibertad de prensa
_98106
650 _aPeriodistas
_918957
942 _2ddc
_cLIBROS
945 _adavv
_d30/04/2019